|
|
|
|
| LEADER |
02230nam a2200613 i 4500 |
| 001 |
nkc20243633104 |
| 003 |
CZ PrNK |
| 005 |
20241118142550.0 |
| 007 |
ta |
| 008 |
240924s2024 xr a b c 000 0 cze |
| 015 |
|
|
|a cnb003633104
|
| 020 |
|
|
|a 978-80-264-5358-1
|q (brožováno) :
|c Kč 299,00
|
| 035 |
|
|
|a (OCoLC)1468021375
|
| 040 |
|
|
|a BOA001
|b cze
|e rda
|
| 041 |
1 |
|
|a cze
|h eng
|
| 072 |
|
7 |
|a 74
|x Kresba. Umělecká řemesla
|2 Konspekt
|9 21
|
| 072 |
|
7 |
|a 0/9-053.2
|x Literatura pro děti a mládež (naučná)
|2 Konspekt
|9 26
|
| 080 |
|
|
|a 741
|2 MRF
|
| 080 |
|
|
|a 741.02
|2 MRF
|
| 080 |
|
|
|a 592/599-021.352
|2 MRF
|
| 080 |
|
|
|a 7.04
|2 MRF
|
| 080 |
|
|
|a (035)
|2 MRF
|
| 080 |
|
|
|a (0.053.2)
|2 MRF
|
| 100 |
1 |
|
|a Potter, William,
|d 1964-
|7 xx0244568
|4 aut
|
| 240 |
1 |
0 |
|a Wild animals.
|l Česky
|
| 245 |
1 |
0 |
|a Divoká zvířata :
|b připravit, pozor, kreslit! /
|c William Potter & Juan Calle ; z anglického originálu Ready, set, draw! Wild animals ... přeložila Marie Dupalová
|
| 250 |
|
|
|a 1. vydání
|
| 264 |
|
1 |
|a V Brně :
|b CPress,
|c 2024
|
| 300 |
|
|
|a 96 stran :
|b ilustrace (převážně barevné) ;
|c 27 cm
|
| 336 |
|
|
|a text
|b txt
|2 rdacontent
|
| 336 |
|
|
|a statický obraz
|b sti
|2 rdacontent
|
| 337 |
|
|
|a bez média
|b n
|2 rdamedia
|
| 338 |
|
|
|a svazek
|b nc
|2 rdacarrier
|
| 521 |
8 |
|
|a Pro čtenáře od 7 let
|
| 650 |
0 |
7 |
|a kreslení
|7 ph121945
|2 czenas
|
| 650 |
0 |
7 |
|a kreslířské techniky
|7 ph135189
|2 czenas
|
| 650 |
0 |
7 |
|a divoká zvířata
|7 ph211254
|2 czenas
|
| 650 |
0 |
7 |
|a umělecké náměty
|7 ph138227
|2 czenas
|
| 650 |
0 |
9 |
|a drawing
|2 eczenas
|
| 650 |
0 |
9 |
|a drawing techniques
|2 eczenas
|
| 650 |
0 |
9 |
|a wild animals
|2 eczenas
|
| 650 |
0 |
9 |
|a artistic themes
|2 eczenas
|
| 655 |
|
7 |
|a příručky
|7 fd133209
|2 czenas
|
| 655 |
|
7 |
|a publikace pro děti
|7 fd133156
|2 czenas
|
| 655 |
|
9 |
|a handbooks and manuals
|2 eczenas
|
| 655 |
|
9 |
|a children's literature
|2 eczenas
|
| 700 |
1 |
|
|a Calle, Juan,
|d 1977-
|7 mzk20241239881
|4 aut
|
| 700 |
1 |
|
|a Dupalová, Marie,
|d 1994-
|7 jo20191029605
|4 trl
|
| 910 |
2 |
|
|a BOA001
|b 3-1530.690
|
| 928 |
9 |
|
|a Albatros Media - CPress
|
| 990 |
|
|
|a BK
|
| 995 |
|
|
|a 01
|
| 991 |
|
|
|b 202410
|c NOV
|
| 996 |
6 |
|
|b 2610981974
|c 3-1530.690
|l MZK
|r Sklad / do 1 hodiny
|n 0
|p p.v.
|w 001979424
|u 000010
|a 1
|e BOA001
|j MZK50
|s P
|